[Event "GER-chT U10"]
[Site "Magdeburg"]
[Date "2015.12.29"]
[Round "7.2"]
[White "Kraus, Jakob"]
[Black "Schulemann, Gero"]
[Result "0-1"]
[WhiteElo "789"]
[BlackElo "1007"]
[PlyCount "76"]
[EventDate "2015.12.27"]
[EventType "team-swiss"]
[EventRounds "7"]
[EventCountry "GER"]
[SourceTitle "EXT 2017"]
[Source "ChessBase"]
[SourceDate "2016.10.25"]
[SourceVersion "1"]
[SourceVersionDate "2016.10.25"]
[SourceQuality "1"]
[WhiteTeam "Neumarkt"]
[BlackTeam "Halle Volksbank"]
[WhiteTeamCountry "GER"]
[BlackTeamCountry "GER"]

1. e4 e5 2. Bc4 Nf6 3. Nc3 Bc5 4. Nf3 Nc6 5. d3 h6 6. Be3 Bb6 7. d4 exd4 8. Nxd4 Nxd4 9. Bxd4 d6 10. Bxf6 Qxf6 11. 0-0 Qg6 12. Bb5+ c6 13. Bd3 Bh3 14. Qf3 Bg4 15. e5 Bxf3 16. Bxg6 Bg4 17. Be4 dxe5 18. Bd3 0-0 19. h3 Be6 20. Ne4 Bd4 21. Rab1 Bxa2 22. Ra1 Bd5 23. Nd6 b5 24. Be4 Bxe4 25. Nxe4 Bxb2 26. Ra2 Bd4 27. c3 Bb6 28. Rd1 a5 29. Rd6 Rfc8 30. Nf6+ gxf6 31. Rxf6 Kg7 32. Rf3 Bc7 33. Rg3+ Kf8 34. Re2 Rd8 35. f3 e4 36. fxe4 Bxg3 37. c4 Rd1+ 38. Re1 Rxe1# 0-1

[Event "GER-chT U10"]
[Site "Magdeburg"]
[Date "2015.12.28"]
[Round "4.2"]
[White "Kraus, Jakob"]
[Black "Wehling, Linos"]
[Result "0-1"]
[WhiteElo "789"]
[BlackElo "899"]
[PlyCount "42"]
[EventDate "2015.12.27"]
[EventType "team-swiss"]
[EventRounds "7"]
[EventCountry "GER"]
[SourceTitle "EXT 2017"]
[Source "ChessBase"]
[SourceDate "2016.10.25"]
[SourceVersion "1"]
[SourceVersionDate "2016.10.25"]
[SourceQuality "1"]
[WhiteTeam "Neumarkt"]
[BlackTeam "Breitenworbis"]
[WhiteTeamCountry "GER"]
[BlackTeamCountry "GER"]

1. e4 e5 2. Bc4 Nf6 3. Nc3 d6 4. Nf3 Be7 5. d3 h6 6. Be3 Bg4 7. Bb5+ c6 8. h3 Bh5 9. g4 Bg6 10. Nh4 cxb5 11. Nxb5 0-0 12. Qd2 Nfd7 13. 0-0-0 Bg5 14. Bxg5 Qxg5 15. Qxg5 hxg5 16. Nxg6 fxg6 17. Nc7 Nb6 18. Nxa8 Nxa8 19. h4 gxh4 20. Rxh4 Rxf2 21. Rdh1 Nc6 0-1

[Event "GER-chT U10"]
[Site "Magdeburg"]
[Date "2015.12.28"]
[Round "5.2"]
[White "Zoellner, Bente"]
[Black "Kraus, Jakob"]
[Result "1-0"]
[WhiteElo "764"]
[BlackElo "789"]
[PlyCount "53"]
[EventDate "2015.12.27"]
[EventType "team-swiss"]
[EventRounds "7"]
[EventCountry "GER"]
[SourceTitle "EXT 2017"]
[Source "ChessBase"]
[SourceDate "2016.10.25"]
[SourceVersion "1"]
[SourceVersionDate "2016.10.25"]
[SourceQuality "1"]
[WhiteTeam "Stade"]
[BlackTeam "Neumarkt"]
[WhiteTeamCountry "GER"]
[BlackTeamCountry "GER"]

1. d4 d5 2. Nf3 Bf5 3. Bf4 e6 4. e3 Bb4+ 5. Nbd2 Nc6 6. c3 Bd6 7. Bxd6 Qxd6 8. Be2 Nf6 9. 0-0 0-0 10. Re1 a6 11. Nb3 e5 12. dxe5 Nxe5 13. Qd2 Bg4 14. Nxe5 Bxe2 15. Nxf7 Rxf7 16. Qxe2 Qd7 17. Rad1 Ng4 18. Rf1 Qd6 19. Qxg4 b5 20. e4 a5 21. Nd4 Rf4 22. Qe6+ Qxe6 23. Nxe6 Rf7 24. Rxd5 c6 25. Rd6 Ra6 26. Rd8+ Rf8 27. Rxf8# 1-0

[Event "GER-chT U10"]
[Site "Magdeburg"]
[Date "2015.12.27"]
[Round "1.2"]
[White "Kraus, Jakob"]
[Black "Richter, Nicholas"]
[Result "0-1"]
[WhiteElo "789"]
[BlackElo "1105"]
[PlyCount "26"]
[EventDate "2015.12.27"]
[EventType "team-swiss"]
[EventRounds "7"]
[EventCountry "GER"]
[SourceTitle "EXT 2017"]
[Source "ChessBase"]
[SourceDate "2016.10.25"]
[SourceVersion "1"]
[SourceVersionDate "2016.10.25"]
[SourceQuality "1"]
[WhiteTeam "Neumarkt"]
[BlackTeam "Dresden Striesen"]
[WhiteTeamCountry "GER"]
[BlackTeamCountry "GER"]

1. e4 e5 2. Bc4 Bc5 3. Nc3 Nf6 4. Nf3 Nc6 5. 0-0 d6 6. Ng5 0-0 7. d3 h6 8. Nh3 Bxh3 9. gxh3 Qd7 10. Bb5 Qxh3 11. Bxc6 bxc6 12. Be3 Ng4 13. Bxc5 Qxh2# 0-1

[Event "GER-chT U10"]
[Site "Magdeburg"]
[Date "2014.12.28"]
[Round "3.2"]
[White "Rust, Emily"]
[Black "Kraus, Jakob"]
[Result "1/2-1/2"]
[WhiteElo "969"]
[BlackElo "600"]
[PlyCount "122"]
[EventDate "2014.12.27"]
[EventType "team-swiss"]
[EventRounds "7"]
[EventCountry "GER"]
[SourceTitle "EXT 2016"]
[Source "ChessBase"]
[SourceDate "2015.10.08"]
[SourceVersion "1"]
[SourceVersionDate "2015.10.08"]
[SourceQuality "1"]
[WhiteTeam "Paderborn II"]
[BlackTeam "Neumarkt"]
[WhiteTeamCountry "GER"]
[BlackTeamCountry "GER"]

1. d4 d5 2. Nf3 Nc6 3. Bf4 e5 4. Bg5 f6 5. Bh4 g5 6. Bg3 exd4 7. Nxd4 Na5 8. e3 Bb4+ 9. c3 Bd6 10. Bd3 Bxg3 11. hxg3 c5 12. Qh5+ Kf8 13. Bxh7 cxd4 14. cxd4 Bf5 15. Qf3 Bxh7 16. Nc3 f5 17. g4 Ne7 18. Rh6 Ng8 19. Rh5 Nf6 20. Rh1 Nxg4 21. Nxd5 Nf6 22. Nxf6 Qxf6 23. g4 Bg8 24. Rxh8 Qxh8 25. Qxf5+ Bf7 26. 0-0-0 Nc6 27. Qxg5 Rc8 28. Kb1 Rd8 29. d5 Bxd5 30. Qf5+ Kg8 31. e4 Ne7 32. Qg5+ Kf8 33. exd5 Qg8 34. Qf6+ Qf7 35. Qh8+ Ng8 36. d6 Qg6+ 37. Ka1 Qxg4 38. Qd4 Qc8 39. Qf4+ Ke8 40. d7+ Rxd7 41. Re1+ Re7 42. Qb4 Rxe1+ 43. Qxe1+ Ne7 44. a3 a5 45. f4 b5 46. Qxa5 Qc1+ 47. Ka2 Qxf4 48. Qxb5+ Kf8 49. Qd7 Qf7+ 50. b3 Qf2+ 51. Kb1 Qc5 52. Qd8+ Kf7 53. b4 Qd5 54. Qxd5+ Nxd5 55. b5 Ke7 56. a4 Kd7 57. a5 Kc7 58. Kb2 Kd6 59. Kb3 Kc5 60. Ka4 Nc3+ 61. Kb3 Kxb5 1/2-1/2